| 000 | 00431nam a2200169Ia 4500 | ||
|---|---|---|---|
| 005 | 20140404084408.0 | ||
| 008 | 140130s9999 xx 000 0 und d | ||
| 050 |
_aPZ 7 _b.P63123Cau 2006 |
||
| 245 |
_cDav Pilkey _aCaptain Underpants - Preposterus.. |
||
| 260 |
_bScholastic, _c2006 |
||
| 300 |
_a172 p., [3] : _bill. ; _c22 cm. |
||
| 440 |
_v1 _931174 |
||
| 521 | _aG6 | ||
| 526 | _c850 | ||
| 942 |
_cBK _2lcc |
||
| 999 |
_c41222 _d41222 |
||